Plantas medicinales Iberoamericanas / (Registro nro. 1622)

Detalles MARC
000 -CABECERA
Campo de control 00987cam a2200277 i 4500
005 - FECHA Y HORA DE LA ULTIMA TRANSACCION
Campo de control 20191224041609.0
008 - ELEMENTOS DE LONGITUD FIJA—INFORMACION GENERAL
Campo de control 140303t2008 ck ado gr|||| 00| 0 spa d
020 ## - ISBN
ISBN 9789586982092
040 ## - FUENTE DE CATALOGACIÓN
Agencia catalogadora original CO-BoIAVH
Agencia transcriptora CO-BoIAVH
041 ## - IDIOMA
Código de idioma para texto/pista de sonido o título separado Español
044 ## - PAÍS DE PUBLICACIÓN
País de publicación Colombia
082 04 - NUMERO DE CLASIFICACION DECIMAL DEWEY
Número de clasificación 615.321
Número del ítem C11p2
110 2# - ASIENTO PRINCIPAL--NOMBRE CORPORATIVO
Nombre corporativo o de jurisdicción como elemento de entrada Convenio Andrés Bello
9 (RLIN) 3230
245 10 - MENCION DE TITULO
Título Plantas medicinales Iberoamericanas /
Mención de responsabilidad Convenio Andrés Bello ; Mahabir P. Gupta, editor.
260 3# - PUBLICACION, DISTRIBUCION, ETC. (PIE DE IMPRENTA)
Lugar de publicación, distribución, etc. Bogotá :
Nombre del editor, distribuidor, etc. Convenio Andrés Bello,
Fecha de publicación, distribución, etc. 2008.
300 ## - DESCRIPCION FISICA
Extensión 1003 páginas :
Otros detalles físicos ilustraciones, tablas y gráficas ;
Dimensiones 24 cm.
490 00 - MENCION DE SERIE
Mención de serie Serie Ciencia y Tecnología ;
Designación numérica/secuencial del volumen 158
504 ## - NOTA DE BIBLIOGRAFIA, ETC.
Nota de bibliografía Incluye bibliografía al final de cada capitulo.
650 14 - ASIENTO SECUNDARIO DE MATERIA - TERMINO TEMATICO
Término temático o nombre geográfico como elemento de entrada Etnobotánica
9 (RLIN) 61935
650 24 - ASIENTO SECUNDARIO DE MATERIA - TERMINO TEMATICO
Término temático o nombre geográfico como elemento de entrada Plantas naturales
Subdivisión general Descripciones taxonómicas
9 (RLIN) 61936
650 24 - ASIENTO SECUNDARIO DE MATERIA - TERMINO TEMATICO
Término temático o nombre geográfico como elemento de entrada Botánica médica
9 (RLIN) 61937
650 24 - ASIENTO SECUNDARIO DE MATERIA - TERMINO TEMATICO
Término temático o nombre geográfico como elemento de entrada Plantas medicinales
9 (RLIN) 61938
650 24 - ASIENTO SECUNDARIO DE MATERIA - TERMINO TEMATICO
Término temático o nombre geográfico como elemento de entrada Bioquímica vegetal
9 (RLIN) 58819
700 1# - ASIENTO SECUNDARIO - NOMBRE PERSONAL
Nombre personal Gupta, Mahabir P.,
Término de relación editor.
9 (RLIN) 13082
942 ## - ELEMENTOS ADICIONALES (KOHA)
Tipo de ítem Libro
Sistema de clasificación Dewey Decimal Classification
Existencias
Withdrawn status Lost status Sistema de Clasificación Damaged status No para préstamo Colección Inventariado Ubicación Permanente Ubicación actual Fecha de adquisición Fuente de Valor Valor Total Checkouts Número topográfico Inventario / Código de Barras Date last seen Ejemplar Price effective from Forma de adquisición Tipo de material Date checked out
    Dewey Decimal Classification     General Inventariado 2017 Bogotá Bogotá 03/05/2000 Instituto 39000.00   LB-615.321 C11p2 002236 04/12/2012 Ej. 1 04/12/2012   Libro  
    Dewey Decimal Classification     General Inventariado 2017 Bogotá Bogotá 17/03/2014 Instituto 39000.00 4 LB-615.321 C11p2 034342 09/09/2015 Ej. 2 17/03/2014   Libro 31/08/2015